000 00232 a2200097 4500
001 30472
100 _aFowler, R S
245 _aEnglish: A literary Foundation
260 _aLondon
_bGeorge Allen and Unwin
_c
090 _c20414
_d20414
942 _aNUST-CAE
_cM
_c11575
999 _c265545
_d265545